Diagnóstico del deterioro e identificación de maderas empleadas para pintura sobre tabla en la época colonial. (Record no. 5756)

MARC details
000 -CABECERA
campo de control de longitud fija 00806nam a2200193 a 4500
001 - NÚMERO DE CONTROL
campo de control BRCA_6069
005 - FECHA Y HORA DE LA ÚLTIMA TRANSACCIÓN
campo de control 20190320205324.0
008 - DATOS DE LONGITUD FIJA--INFORMACIÓN GENERAL
campo de control de longitud fija 170608s1990----mx-a---###---#000-0#spa-#
050 #4 - SIGNATURA TOPOGRÁFICA DE LA BIBLIOTECA DEL CONGRESO
Número de clasificación NK9600
Número de documento/Ítem .R58 1990
100 1# - ENTRADA PRINCIPAL--NOMBRE DE PERSONA
Nombre de persona Rivero Weber, Lilia Teresa
9 (RLIN) 15332
245 10 - MENCIÓN DE TÍTULO
Título Diagnóstico del deterioro e identificación de maderas empleadas para pintura sobre tabla en la época colonial.
260 ## - PUBLICACIÓN, DISTRIBUCIÓN, ETC.
Lugar de publicación, distribución, etc. Ciudad de México
Fecha de publicación, distribución, etc. 1990
300 ## - DESCRIPCIÓN FÍSICA
Extensión 231 p.
Otras características físicas il.
502 ## - NOTA DE TESIS
Nota de tesis Tesis Licenciatura (Licenciada en Conservación y Restauración de Bienes Muebles) Escuela Nacional de Conservación, Restauración y Museografía
650 14 - PUNTO DE ACCESO ADICIONAL DE MATERIA--TÉRMINO DE MATERIA
Término de materia o nombre geográfico como elemento de entrada Trabajos en madera
Subdivisión general Deterioro e identificación
Subdivisión cronológica Época colonial, 1521-1821
9 (RLIN) 15333
700 1# - PUNTO DE ACCESO ADICIONAL--NOMBRE DE PERSONA
Nombre de persona Quintanar Isaías, Alejandra
Término indicativo de función/relación asesor
9 (RLIN) 10598
902 ## - CATALOGADOR
Iniciales TES
942 ## - ELEMENTOS DE PUNTO DE ACCESO ADICIONAL (KOHA)
Fuente del sistema de clasificación o colocación Library of Congress Classification
Tipo de ítem Koha Tesis
Holdings
Estado de retiro Estado de pérdida Estado dañado No para préstamo Localización permanente Ubicación/localización actual Fecha de adquisición Total de préstamos Signatura topográfica completa Código de barras Fecha visto por última vez Precio válido a partir de Tipo de ítem Koha
El ejemplar forma parte de la colección y puede ser consultado según las políticas vigentes.       Biblioteca del Museo Franz Mayer (Rogerio Casas-Alatriste) Biblioteca del Museo Franz Mayer (Rogerio Casas-Alatriste) 24/05/2011   NK9600 .R58 1990 TES00035 22/03/2019 22/03/2019 Tesis